000 00289nam a22001337a 4500
008 171018b xxu||||| |||| 00| 0 eng d
020 _a9780132257732
041 _aeng
080 _29 ED
_a338
100 _a53
101 _aMEN
245 _aMANAGEMENT
_cROBBINS.S.P
942 _2udc
_cBK
999 _c34746
_d34746